Statistiken für ELF Teams 2023

Klicken Sie hier um das Quiz zu spielen!

Allgemein

  • Dieses Quiz wurde 9 mal gespielt
  • Das Durchschnittsergebnis liegt bei 14 aus 17

Antwortstatistiken

LandTeam% Korrekt
DeutschlandRhein Fire
100%
ÖsterreichVienna Vikings
100%
SpanienBarcelona Dragons
89%
DeutschlandBerlin Thunder
89%
DeutschlandFrankfurt Galaxy
89%
DeutschlandHamburg Sea Devils
89%
DeutschlandLeipzig Kings
89%
DeutschlandMunich Ravens
89%
FrankreichParis Musketeers
89%
DeutschlandStuttgart Surge
89%
DeutschlandCologne Centurions
78%
PolenPanthers Wrocław
78%
TschechienPrague Lions
78%
ÖsterreichRaiders tirol
78%
SchweizHelvetic Guards
67%
ItalienMilano Seamen
56%
UngarnFehérvár Enthroners
44%

Verteilung der Resultate

Perzentil nach korrekt beantworteten Fragen

Anzahl Personen mit jedem Resultat

Ihre Resultats-Entwicklung

Sie haben dieses Quiz noch nicht gespielt